[Event "XXV Grunwald Cup"]
[Site "Ramsowo/Dadaj"]
[Date "2010.09.28"]
[Round "8.12"]
[White "Salamon, Jan"]
[Black "Wegner, Wieslaw"]
[Result "1-0"]
[WhiteElo "1827"]
[BlackElo "1773"]
[PlyCount "111"]
[EventDate "2010.??.??"]

1. Nf3 c5 2. c4 Nc6 3. Nc3 e6 4. g3 d5 5. b3 a6 6. Bb2 Nf6 7. Bg2 Be7 8. O-O h6
9. e3 O-O 10. cxd5 exd5 11. d4 Bd7 12. dxc5 Bg4 13. Rc1 d4 14. exd4 Nxd4 15.
Na4 Nxf3+ 16. Bxf3 Qxd1 17. Bxd1 Bxd1 18. Rfxd1 Rac8 19. Bxf6 Bxf6 20. Nb6 Rcd8
21. Nd7 Rfe8 22. Nxf6+ gxf6 23. Rxd8 Rxd8 24. Rc3 Rc8 25. b4 Rc6 26. a4 Kf8 27.
b5 axb5 28. axb5 Rc8 29. g4 Kg7 30. Kg2 Kg6 31. c6 b6 32. Rd3 f5 33. Rd6+ f6
34. h3 fxg4 35. hxg4 Kf7 36. Kg3 Ke7 37. Rd7+ Ke6 38. Rb7 Kd5 39. Rxb6 Kc5 40.
Rb7 f5 41. f3 fxg4 42. fxg4 Kd6 43. Kh4 Ke5 44. Kh5 Kd5 45. Kxh6 Rh8+ 46. Kg6
Rg8+ 47. Kf5 Rf8+ 48. Kg5 Rg8+ 49. Kf4 Rf8+ 50. Kg3 Rc8 51. g5 Rg8 52. Kg4 Rc8
53. g6 Rg8 54. Kg5 Rb8 55. Kf6 Rf8+ 56. Rf7 1-0

[Event "XXV Grunwald Cup"]
[Site "Ramsowo/Dadaj"]
[Date "2010.09.29"]
[Round "9.1"]
[White "Zoltek, Tadeusz"]
[Black "Dukaczewski, Piotr"]
[Result "1-0"]
[WhiteElo "2194"]
[BlackElo "2274"]
[PlyCount "93"]
[EventDate "2010.??.??"]

1. Nf3 g6 2. d4 Bg7 3. g3 d6 4. Bg2 f5 5. O-O Nf6 6. c4 O-O 7. Nc3 c6 8. Rb1
Qe8 9. d5 Na6 10. Nd4 Bd7 11. a3 Nc7 12. e3 e5 13. dxe6 Nxe6 14. Nxe6 Bxe6 15.
b3 Rd8 16. Bb2 Qf7 17. Ne2 Qc7 18. Qc2 Rfe8 19. Rbd1 Bf7 20. Bd4 a6 21. Qb2 Qe7
22. h4 c5 23. Bxf6 Bxf6 24. Qc2 Be5 25. a4 Qc7 26. Bd5 Rb8 27. Nc3 b6 28. Rd3
Qe7 29. Rfd1 Bxd5 30. Nxd5 Qf7 31. Nc3 Qb7 32. Rd5 Qg7 33. R1d3 Re6 34. Ne2 Qe7
35. Rd1 b5 36. axb5 axb5 37. b4 cxb4 38. cxb5 Bc3 39. Qb3 Be5 40. Qxb4 Rb6 41.
Nd4 Bxd4 42. Qxd4 Qb7 43. Qc4 Re4 44. R5d4+ Kg7 45. Rxe4 fxe4 46. Rd5 Qe7 47.
Qd4+ 1-0

[Event "XXV Grunwald Cup"]
[Site "Ramsowo/Dadaj"]
[Date "2010.09.29"]
[Round "9.3"]
[White "Gunajew, Rafal"]
[Black "Mackowiak, Marek"]
[Result "1/2-1/2"]
[WhiteElo "2292"]
[BlackElo "2174"]
[PlyCount "24"]
[EventDate "2010.??.??"]

1. e4 g6 2. d4 Bg7 3. Nc3 d6 4. f4 Nf6 5. Nf3 Bg4 6. Be2 c6 7. O-O O-O 8. Kh1
d5 9. e5 Ne4 10. Nd2 Bxe2 11. Qxe2 f5 12. Ncxe4 fxe4 1/2-1/2

[Event "XXV Grunwald Cup"]
[Site "Ramsowo/Dadaj"]
[Date "2010.09.29"]
[Round "9.5"]
[White "Przewoznik, Emil"]
[Black "Falkowski, Dawid"]
[Result "0-1"]
[WhiteElo "2101"]
[BlackElo "2050"]
[PlyCount "40"]
[EventDate "2010.??.??"]

1. d4 Nf6 2. Nf3 e6 3. Bg5 d5 4. c4 c6 5. e3 Nbd7 6. Nc3 Be7 7. Bd3 O-O 8. c5
e5 9. dxe5 Ne8 10. Bxe7 Qxe7 11. Qc2 h6 12. b4 Nxe5 13. Nxe5 Qxe5 14. O-O Nf6
15. Ne2 Re8 16. a4 Ng4 17. Ng3 h5 18. Rae1 h4 19. h3 hxg3 20. f4 Qh5 0-1

[Event "XXV Grunwald Cup"]
[Site "Ramsowo/Dadaj"]
[Date "2010.09.29"]
[Round "9.6"]
[White "Renkowski, Piotr"]
[Black "Barnowski, Sylwester"]
[Result "1-0"]
[WhiteElo "1957"]
[BlackElo "1842"]
[PlyCount "97"]
[EventDate "2010.??.??"]

1. e4 e6 2. d4 d5 3. e5 c5 4. dxc5 Bxc5 5. Bd3 Nc6 6. Nf3 Nge7 7. c3 Qc7 8. b4
Bb6 9. Qe2 Ng6 10. Bxg6 fxg6 11. a4 Qf7 12. Na3 O-O 13. Nb5 Bc7 14. O-O a6 15.
Nxc7 Qxc7 16. Ba3 Rf5 17. Rfe1 h6 18. b5 Na5 19. Bd6 Qd7 20. Nh4 Rf7 21. Nxg6
Nc4 22. Bb4 Qc7 23. Qh5 a5 24. Ba3 Nxa3 25. Rxa3 Qc5 26. Ra2 Qxc3 27. Rf1 Qb3
28. Raa1 Bd7 29. Qg4 Qc4 30. Qxc4 dxc4 31. Rac1 Kh7 32. Nh4 Rf4 33. g3 Re4 34.
f3 Rxe5 35. Rxc4 g5 36. Rc7 Rd5 37. Ng2 Rb8 38. Ne3 Rd4 39. Ng4 Kg7 40. Ne5 Rd8
41. Rxb7 Kf8 42. Rxd7 R8xd7 43. Nxd7+ Rxd7 44. Rc1 Ke7 45. Rc4 Rd2 46. Rc7+ Kd6
47. Ra7 Kc5 48. Rxa5 Kd4 49. Ra6 1-0

[Event "XXV Grunwald Cup"]
[Site "Ramsowo/Dadaj"]
[Date "2010.09.29"]
[Round "9.7"]
[White "Ciula, Edward"]
[Black "Czajkowski, Adam"]
[Result "1/2-1/2"]
[WhiteElo "1985"]
[BlackElo "1781"]
[PlyCount "64"]
[EventDate "2010.??.??"]

1. e4 c5 2. Nf3 e6 3. d4 cxd4 4. Nxd4 a6 5. Nc3 Qc7 6. a3 Nf6 7. Be3 b5 8. Bd3
Bb7 9. Qe2 b4 10. axb4 Bxb4 11. Bd2 d5 12. e5 Bxc3 13. Bxc3 Ne4 14. Bb4 Qxe5
15. c3 Qc7 16. O-O Nc5 17. Qh5 Nbd7 18. Bc2 Nf6 19. Qg5 O-O 20. Rfe1 h6 21. Qh4
Nfd7 22. Re3 Qd8 23. Qg3 Rc8 24. Rae1 Qc7 25. Qh3 Nf6 26. Bxc5 Qxc5 27. Rg3 Kh8
28. Rxe6 fxe6 29. Rxg7 Kxg7 30. Nxe6+ Kf7 31. Nxc5 Rxc5 32. Qxh6 Rg8 1/2-1/2

[Event "XXV Grunwald Cup"]
[Site "Ramsowo/Dadaj"]
[Date "2010.09.29"]
[Round "9.8"]
[White "Stankiewicz, Edward"]
[Black "Staruch, Roman"]
[Result "1/2-1/2"]
[WhiteElo "1913"]
[BlackElo "1978"]
[PlyCount "60"]
[EventDate "2010.??.??"]

1. e4 d5 2. exd5 Nf6 3. d4 Nxd5 4. Nf3 g6 5. c4 Nb6 6. Nc3 Bg7 7. c5 Nd5 8. Qb3
Nxc3 9. Qxc3 O-O 10. Bc4 Nc6 11. Be3 Bg4 12. Ne5 Nxe5 13. dxe5 Qc8 14. O-O Rd8
15. f3 Be6 16. Be2 c6 17. b3 Qc7 18. f4 Rd7 19. Rad1 Rad8 20. Rxd7 Rxd7 21. Rd1
f6 22. Rxd7 Qxd7 23. exf6 exf6 24. Qd3 Qd5 25. Qxd5 Bxd5 26. g4 Kf7 27. Kf2 Ke6
28. Bd3 a5 29. f5+ Kf7 30. Ke2 g5 1/2-1/2

[Event "XXV Grunwald Cup"]
[Site "Ramsowo/Dadaj"]
[Date "2010.09.29"]
[Round "9.9"]
[White "Traczyk, Tadeusz"]
[Black "Salamon, Jan"]
[Result "1/2-1/2"]
[WhiteElo "1925"]
[BlackElo "1827"]
[PlyCount "34"]
[EventDate "2010.??.??"]

1. e4 d5 2. exd5 Nf6 3. Bb5+ Bd7 4. Bc4 Bg4 5. Nf3 Nbd7 6. d4 Nb6 7. Bb3 Nbxd5
8. Bg5 Ne4 9. Bc1 e6 10. O-O Be7 11. c4 Nb6 12. Re1 Nf6 13. Nc3 O-O 14. c5 Nbd5
15. Bg5 c6 16. Nxd5 Nxd5 17. Bxe7 Nxe7 1/2-1/2

[Event "XXV Grunwald Cup"]
[Site "Ramsowo/Dadaj"]
[Date "2010.09.29"]
[Round "9.10"]
[White "Dziobek, Jerzy"]
[Black "Poswiatowski, Stanislaw"]
[Result "1/2-1/2"]
[WhiteElo "1848"]
[BlackElo "1667"]
[PlyCount "34"]
[EventDate "2010.??.??"]

1. d4 d5 2. Nf3 Nf6 3. c3 c6 4. Nbd2 Bf5 5. e3 e6 6. Ne5 Bd6 7. Ndf3 O-O 8. Bd3
Ne4 9. h3 Nd7 10. Nxd7 Qxd7 11. Qc2 Qe7 12. Bd2 b5 13. g4 Bg6 14. h4 Qf6 15.
Rh3 h6 16. Bxe4 Bxe4 17. Qd1 a5 1/2-1/2

[Event "XXV Grunwald Cup"]
[Site "Ramsowo/Dadaj"]
[Date "2010.09.29"]
[Round "9.11"]
[White "Bzowski, Grzegorz"]
[Black "Hagner, Pawel"]
[Result "1-0"]
[WhiteElo "1692"]
[BlackElo "1877"]
[PlyCount "92"]
[EventDate "2010.??.??"]

1. g3 g6 2. Bg2 Bg7 3. d3 d6 4. Nf3 c5 5. O-O Nc6 6. c4 Nf6 7. Nc3 O-O 8. Bd2
a6 9. a4 Rb8 10. Qc2 Qc7 11. Rfb1 Nb4 12. Qc1 Re8 13. Ne1 e5 14. Nc2 Nc6 15.
Ne3 Be6 16. Ncd5 Nxd5 17. Nxd5 Bxd5 18. cxd5 Nd4 19. Qd1 Qd8 20. e3 Nf5 21. Ra3
h5 22. h4 Qe7 23. b4 b5 24. axb5 axb5 25. Ra5 c4 26. dxc4 bxc4 27. Bc3 Qc7 28.
Qc2 Ra8 29. Rba1 Rxa5 30. Rxa5 Rb8 31. Bf1 Rc8 32. Qb2 Ne7 33. e4 f5 34. f3
Qb6+ 35. Qf2 Qd8 36. Be2 f4 37. gxf4 Qf8 38. fxe5 dxe5 39. Rc5 Qf4 40. Bxc4 Kh7
41. d6 Rxc5 42. bxc5 Nc6 43. Bd2 Qf6 44. Bg5 Qf8 45. Bd5 Nd4 46. Be7 Qe8 1-0